| 000 | 01305nmm a2200421 a 4500 | ||
|---|---|---|---|
| 003 | AR-BaBNM | ||
| 005 | 20251128204939.0 | ||
| 008 | 011101s1994 ||||||||||||||000 | spa|| | ||
| 020 | _a987-9028-00-7 | ||
| 040 | _cAR-BaBNM | ||
| 245 | 1 | 0 |
_aLa educación en la Argentina _btrabajos actuales de investigación |
| 260 |
_aBuenos Aires _bLa Colmena _c1994 |
||
| 300 | 0 |
_a204 p. _btablas |
|
| 504 | _aLa bibliografía se encuentra al final de cada capítulo | ||
| 650 | 4 | _aCUENTO [FORMA Y GENERO LITERARIO] | |
| 650 | 4 | _aEDUCACION COMPARADA | |
| 650 | 4 | _aINDICADORES SOCIOECONOMICOS | |
| 650 | 4 | _aROL DEL DOCENTE | |
| 650 | 4 | _aRELACION ESCUELA-COMUNIDAD | |
| 650 | 4 | _aAMBIENTE EDUCACIONAL | |
| 650 | 4 | _aAMBIENTE SOCIAL | |
| 650 | 4 | _aENSENANZA DE LA LECTURA | |
| 650 | 4 | _aENSENANZA UNIVERSITARIA | |
| 650 | 4 | _aAPTITUD PARA LA LECTURA | |
| 651 | 4 | _aArgentina | |
| 653 | 0 | _aINVESTIGACION EDUCATIVA | |
| 653 | 0 | _aESTADISTICAS EDUCATIVAS | |
| 653 | 0 | _aNIVEL EDUCATIVO | |
| 653 | 0 | _aEDUCACION PRIMARIA | |
| 700 | 1 |
_aGibaja, Regina Elena _ecompilador |
|
| 700 | 1 |
_aEichelbaum de Babini, Ana María _ecompilador |
|
| 700 | 1 | _aSautu, Ruth | |
| 700 | 1 | _aSarié, Patricia | |
| 700 | 1 | _aRinaudo, María Cristina | |
| 700 | 1 | _aRosenberg, Celia Renata | |
| 942 | _cBK | ||
| 998 | _csilvi | ||
| 999 |
_c9449 _d9449 |
||